El procedimiento de extinción causal del contrato por voluntad del trabajador (Registro nro. 165634)
[ vista simple ]
| 000 -LEADER | |
|---|---|
| fixed length control field | 01644nam a22002537a 4500 |
| 007 - PHYSICAL DESCRIPTION FIXED FIELD--GENERAL INFORMATION | |
| fixed length control field | cr|||| |||| |
| 008 - FIXED-LENGTH DATA ELEMENTS--GENERAL INFORMATION | |
| fixed length control field | 180221s2016 es |||||s|||| 00||0 spa d |
| 020 ## - INTERNATIONAL STANDARD BOOK NUMBER | |
| International Standard Book Number | 978-84-16608-33-1 |
| 035 ## - | |
| -- | 20979 |
| 040 ## - CATALOGING SOURCE | |
| Original cataloging agency | vLex |
| 090 ## - | |
| -- | 7395 |
| -- | 7395 |
| 100 1# - MAIN ENTRY--PERSONAL NAME | |
| Personal name | Taléns Visconti, Eduardo Enrique |
| 245 12 - TITLE STATEMENT | |
| Title | El procedimiento de extinción causal del contrato por voluntad del trabajador |
| Medium | [Recurso electrónico] : |
| Remainder of title | puntos críticos / |
| Statement of responsibility, etc | Eduardo Enrique Taléns Visconti |
| 256 ## - | |
| -- | Servicio en línea |
| 260 ## - PUBLICATION, DISTRIBUTION, ETC. (IMPRINT) | |
| Place of publication, distribution, etc | Albacete: |
| Name of publisher, distributor, etc | Editorial Bomarzo, |
| Date of publication, distribution, etc | 2016 |
| 300 ## - PHYSICAL DESCRIPTION | |
| Extent | 1 recurso electrónico |
| 500 ## - GENERAL NOTE | |
| General note | El art. 50 ET posibilita que los trabajadores insten la resolución indemnizada de su contrato por causas imputables al empresario. Los trabajadores no pueden concluir el contrato por esta vía son la intervención del órgano judicial. Esta monogragía plantea algunas de las cuestiones más controvertidas, en relación con este procedimiento especial de extinción del contrato, con cita de los últimos pronunciamientos del TS sobre el particular. |
| 506 1# - RESTRICTIONS ON ACCESS NOTE | |
| Terms governing access | Disponible solo en los productos indicados |
| Authorized users | vLex Global |
| -- | vLex Global (Academic Edition, excluding Law Schools) |
| -- | vLex Global (U.S. Academic Edition, Law Schools) |
| -- | vLex Global (U.S. Academic Edition, excluding Law Schools) |
| -- | vLex Global (Academic Edition, Law Schools) |
| 650 04 - SUBJECT ADDED ENTRY--TOPICAL TERM | |
| Topical term or geographic name as entry element | Derecho Laboral y Seguridad Social |
| Geographic subdivision | España |
| 740 0# - | |
| -- | vLex Libros (Servicio en línea) |
| 856 40 - LOCALIZACIÓN Y ACCESO ELECTRÓNICO | |
| Identificador Uniforme del Recurso (URI/URL) | https://app.vlex.com/#/sources/procedimiento-de-extincion-causal-del-contrato-por-voluntad-del-trabajador-puntos-criticos-20979 |
| 942 ## - | |
| -- | RAA |
| 999 ## - | |
| -- | 165634 |
| -- | 165634 |
No hay ítems disponibles.